000 00998nam a2200265 i 4500
001 15429
003 ES-MaACL
005 20240606121243.0
007 t|
008 000308s1999 sp ||||1| spa d
020 _a84-8109-256-8 (Galaxia Guternberg)
020 _a84-226-7863-2 (Círculo de Lectores)
080 _a821.161.1-32"19"
100 0 _aTsvetaeva, Marina Ivanovna,
_d1892-1941
_9111614
245 1 3 _aUn espíritu prisionero /
_cMarina Tsvietáieva ; traducción de Selma Ancira ; prólogo de Irma Kúdrova ; epílogo de Ana Mª Moix.
260 _aBarcelona :
_bGalaxia Gutenberg :
_bCírculo de Lectores,
_c[1999]
300 _a251 p. ;
_c21 cm.
490 1 _aColección la tragedia de la cultura
700 1 _aAncira, Selma,
_d1956-
_921408
700 1 _aKúdrova, Irma.
_968953
700 1 _aMoix, Ana María,
_d1947-
_981820
830 0 _aColección la tragedia de la cultura
_9228573
852 _aES-MaACL
_jL-22537
_bR.127929
999 _c15429
_d15429